000 00302nam a2200121 a 4500
005 20140414131901.0
008 100918s19uu xx 00 eng d
050 _aFIC
_bC86 1999
100 _aCresswell, Helen
245 _aDragon ride.
260 _aNew York :
_bPuffin Book,
_c1989.
999 _c110654
_d110654